Statistics for F1 Winners: Kimi Räikkönen

Click here to take the quiz!

General Stats

  • This quiz has been taken 592 times
  • The average score is 19 of 21

Answer Stats

SeasonTeamGrand Prix% Correct
2018FerrariUnited States
98%
2013Lotus Australia
93%
2007FerrariAustralia
93%
2007FerrariBrazil
93%
2007FerrariGreat Britain
92%
2005McLarenJapan
92%
2009FerrariBelgium
91%
2005McLarenBelgium
91%
2004McLarenBelgium
91%
2007FerrariBelgium
91%
2005McLarenMonaco
90%
2008FerrariSpain
89%
2005McLarenSpain
89%
2007FerrariChina
88%
2012LotusAbu Dhabi
86%
2007FerrariFrance
86%
2005McLarenHungary
84%
2008FerrariMalaysia
84%
2003McLarenMalaysia
84%
2005McLarenCanada
82%
2005McLarenTurkey
64%

Score Distribution

Percentile by Number Answered

Percent of People with Each Score

Your Score History

You have not taken this quiz